000
00218nam a2200097Ia 4500
008
190216s9999||||xx |||||||||||||| ||und||
100
_a
Joseph
245
0
_a
Anavritha Beejigal
260
_b
Bhasha Institute
942
_c
BK
999
_c
39713
_d
39713